| 000 | 00448nam a2200157 a 4500 | ||
|---|---|---|---|
| 005 | 20240213063849.0 | ||
| 008 | 991125s1986 bar 000 0 spa u | ||
| 035 | _aUPN01000024181 | ||
| 049 | _aCG | ||
| 050 | 4 |
_aHQ744 _bF348 1986 |
|
| 245 | 0 | 3 |
_aLa familia / _cErick Fromm ... [et al.] ; tr. Jordi Sole-Tura. |
| 260 |
_aBarcelona, Esp. : _bPenĂnsula, _c1986. |
||
| 300 | _a296 p. | ||
| 650 | 4 |
_aFamilias _xAspectos sociales _912049 |
|
| 905 | _aLibro | ||
| 999 |
_c24181 _d24181 |
||